000 00641nam a22001817a 4500
005 20131011121854.0
010 _aENG-107960
020 _c1525.00
_a9789350352731
035 _aEN-91493
037 _bDBAD/PUB
082 _a341.48
100 _aBhansali, S.R.
245 0 0 _aLaw relating to human rights :
_cby S.R. Bhansali
_bin international and national laws and Cconstitutions /
260 _aDelhi
_bUniversal Law Publishing
_c2013
270 _aC-FF-1A, Dilkhus Industrial Estate, (Near Azadpur Metro Station) G.T. Karnal Road,
_bDelhi
_e110033
300 _alxiv,1415p.
_c26cm(Hb)
942 _2ddc
_cEN
_mBHA
_h341.48
999 _c77421
_d77421